Elogios del líder incompleto (Registro nro. 10767)

Detalles MARC
000 -LEADER
fixed length control field 00448 a2200145 4500
001 - CONTROL NUMBER
control field ART_10105
005 - DATE AND TIME OF LATEST TRANSACTION
control field 20260410161612.0
008 - FIXED-LENGTH DATA ELEMENTS--GENERAL INFORMATION
fixed length control field 260409a
100 1# - MAIN ENTRY--PERSONAL NAME
Personal name Ancona, Deborah
245 10 - TITLE STATEMENT
Title Elogios del líder incompleto
700 1# - ADDED ENTRY--PERSONAL NAME
Personal name Malone, Thomas W.
700 1# - ADDED ENTRY--PERSONAL NAME
Personal name Orlikowski, Wanda J.
700 1# - ADDED ENTRY--PERSONAL NAME
Personal name Senge, Perter M.
773 0# - HOST ITEM ENTRY
Title Harvard Business Review
Related parts ¿Quién fija la estrategia? - Vol. 85, Nº 2 (feb. 2007)
Record control number REV340

No hay ítems disponibles.